000 00588nam a2200217Ia 4500
005 20250923145001.0
008 008 250917s9999 xx 000 0 eng d
037 _aTextual
040 _aDSWL
_beng
_cDSWL
041 _aeng
_2eng
084 _aY33x, N65
_qDSWL
100 _aAnderson, N.
_9830556
245 0 _aUrban Sociology
_cby N. Anderson
260 _aBombay
_bAsia Publiing House
_c1965
300 _aVII,191 p.
365 _aINR
_b15.00
700 _aK. Iwaran
_9830557
925 _g15.00
942 _cTEXL
_hY33x, N65
999 _c1445684
_d1445684